Baños de Apoquindo : caracterización, hidroquímica, modelo hidrotermal y alternativas de aprovechamiento /

El estudio proporciona antecedentes hidrogeológicos respecto de una singular, subaprovechada y normalmente desconocida fuente termal chilena: Baños de Apoquindo. Se ubica en el segmento terminal de la quebrada de la Almendros, comuna de Las Condes, Región Metropolitana; genéticamente, la fuente se v...

Descripción completa

Detalles Bibliográficos
Autor principal: Hauser Y., Arturo
Formato: Analitica de revista
Lenguaje:español
Publicado: Santiago, Chile Pontificia Universidad Católica de Chile 1999

MARC

LEADER 00000cab a2200000 a 4500
001 040685
003 UAHC_CL
005 20170803124501.0
008 051006b xx j 000 1 spa
040 |a UAHC_CL  |c UAHC_CL  |d UAHC_CL 
100 1 |a Hauser Y., Arturo 
245 1 0 |a Baños de Apoquindo :  |b caracterización, hidroquímica, modelo hidrotermal y alternativas de aprovechamiento /  |c Arturo Hauser Y. 
260 |b Pontificia Universidad Católica de Chile  |c 1999  |a Santiago, Chile 
300 |a pp. 23-36 
500 |a En: Revista de geografía norte grande, n˚26, 199. pp.23-36. ISSN 0379-8682 
500 |a En: Revista de geografía norte grande, n°26, 199. pp.23-36. ISSN 0379-8682 
500 |a En: Revista de geografÌa norte grande, nç26, 199. pp.23-36. ISSN 0379-8682 
520 |a El estudio proporciona antecedentes hidrogeológicos respecto de una singular, subaprovechada y normalmente desconocida fuente termal chilena: Baños de Apoquindo. Se ubica en el segmento terminal de la quebrada de la Almendros, comuna de Las Condes, Región Metropolitana; genéticamente, la fuente se vincula con la zona de falla Pocuro. Se dispone de antecedentes referenciales que señalan que los Baños de Apoquindo fueron objeto de un activo aprovechamiento entre los años 1890-1942. Dispone de aguas hipotermales, neutras, cálcico- magnésicas- sulfatadas-cloruradas; registros termométricos efectuados durante aproximadamente 110 años, indican que, en general, las aguas termales denotan una gran estabilidad, con escasa s variaciones tanto en su termalismo, como carácter químico. El actual caudal aflorante, producto d un rústico sistema de capatación, es de 3,3 l/seg, con temperaturas en el rango de 19,9 a 22.0˚ C.\La atractiva ubicación de las fuentes de Apoquindo, unido al carácter físico-químico de sus aguas, constituyen valiosos antecedentes para respaldar porteriores estudios de detalle y/o inversiones, destinados a optimizar su actual precario aprovechamiento. 
520 |a El estudio proporciona antecedentes hidrogeológicos respecto de una singular, subaprovechada y normalmente desconocida fuente termal chilena: Baños de Apoquindo. Se ubica en el segmento terminal de la quebrada de la Almendros, comuna de Las Condes, Región Metropolitana; genéticamente, la fuente se vincula con la zona de falla Pocuro. Se dispone de antecedentes referenciales que señalan que los Baños de Apoquindo fueron objeto de un activo aprovechamiento entre los años 1890-1942. Dispone de aguas hipotermales, neutras, cálcico- magnésicas- sulfatadas-cloruradas; registros termométricos efectuados durante aproximadamente 110 años, indican que, en general, las aguas termales denotan una gran estabilidad, con escasa s variaciones tanto en su termalismo, como carácter químico. El actual caudal aflorante, producto d un rústico sistema de capatación, es de 3,3 l/seg, con temperaturas en el rango de 19,9 a 22.0° C.\La atractiva ubicación de las fuentes de Apoquindo, unido al carácter físico-químico de sus aguas, constituyen valiosos antecedentes para respaldar porteriores estudios de detalle y/o inversiones, destinados a optimizar su actual precario aprovechamiento. 
520 |a El estudio proporciona antecedentes hidrogeolÛgicos respecto de una singular, subaprovechada y normalmente desconocida fuente termal chilena: BaÒos de Apoquindo. Se ubica en el segmento terminal de la quebrada de la Almendros, comuna de Las Condes, RegiÛn Metropolitana; genÈticamente, la fuente se vincula con la zona de falla Pocuro. Se dispone de antecedentes referenciales que seÒalan que los BaÒos de Apoquindo fueron objeto de un activo aprovechamiento entre los aÒos 1890-1942. Dispone de aguas hipotermales, neutras, c·lcico- magnÈsicas- sulfatadas-cloruradas; registros termomÈtricos efectuados durante aproximadamente 110 aÒos, indican que, en general, las aguas termales denotan una gran estabilidad, con escasa s variaciones tanto en su termalismo, como car·cter quÌmico. El actual caudal aflorante, producto d un rústico sistema de capataciÛn, es de 3,3 l/seg, con temperaturas en el rango de 19,9 a 22.0ç C.\La atractiva ubicaciÛn de las fuentes de Apoquindo, unido al car·cter fÌsico-quÌmico de sus aguas, constituyen valiosos antecedentes para respaldar porteriores estudios de detalle y/o inversiones, destinados a optimizar su actual precario aprovechamiento. 
759 |a PP115 
773 0 |t Revista de geografía norte grande  |w 040513 
900 |a REV. GEOGR. NORTE GD.-26/99 
942 |c REVA 
952 |0 0  |1 0  |4 0  |6 REV___GEOGR__NORTE_GD_26_99_000000000000000  |7 0  |8 General  |9 76450  |a BC  |b BC  |c General  |d 2017-08-03  |l 0  |o REV. GEOGR. NORTE GD.-26/99  |p FICTICIO6268  |r 2019-01-08 00:00:00  |t 1  |w 2017-08-03  |y REVA 
999 |c 40685  |d 40685